000 00303nam a22001217a 4500
008 180426b xxu||||| |||| 00| 0 eng d
041 _aeng
080 _a043.3
100 _a0
101 _aARK-BA
245 _aProjektimi i nje Lagjje ne Zone Rurale- Shtepi Individuale
_cKrasniqi, I
942 _2udc
_cBK
999 _c45554
_d45554